Statistics for Anger and Annoyance Idioms

Click here to take the quiz!

General Stats

  • This quiz has been taken 22,715 times
  • The average score is 16 of 21

Answer Stats

Idiom % Correct
Foaming at the {mouth}
97%
Got up on the wrong side of the {bed}
94%
Ruffle one's {feathers}
92%
Makes one's {blood} boil
92%
At wit's {end}
92%
Chip on one's {shoulder}
90%
Get one's knickers in a {twist}
90%
Had it up to {here}
89%
Have a {bone} to pick
87%
Rant and {rave}
81%
Have a short {fuse}
80%
{Blow} a gasket
80%
Drive one up the {wall}
78%
Fly off the {handle}
76%
Make one see {red}
72%
Have an axe to {grind}
69%
A bee in one's {bonnet}
66%
Up in {arms}
61%
{Rub} one the wrong way
55%
Have a conniption {fit}
49%
Fit to be {tied}
39%

Score Distribution

Percentile by Number Answered

Percent of People with Each Score

Your Score History

You have not taken this quiz